Bernard Faust Col. of United States 1863-68 Black Jack Issue (2018) (Record no. 3199)
[ view plain ]
| 000 -LEADER | |
|---|---|
| fixed length control field | 00332nam a22000977a 4500 |
| 008 - FIXED-LENGTH DATA ELEMENTS--GENERAL INFORMATION | |
| fixed length control field | 211101b ||||| |||| 00| 0 eng d |
| 100 ## - MAIN ENTRY--AUTHOR'S NAME | |
| Author's Name | Robert Siegel Auction Galleries |
| 245 ## - TITLE STATEMENT | |
| Title | Bernard Faust Col. of United States 1863-68 Black Jack Issue (2018) |
| 260 ## - PUBLICATION, DISTRIBUTION, ETC. (IMPRINT) | |
| Name of publisher, distributor, etc. | Robert Siegel Auction Galleries |
| 650 ## - TOPICAL TERM (Tag) | |
| Topical term or geographic name | Black Jack| US Classic issues |
| Withdrawn status | Lost status | Source of classification or shelving scheme | Damaged status | Koha normalized classification for sorting | Not for loan | Permanent Location | Current Location | Shelving location | Date acquired | Total Checkouts | Full call number | Barcode | Date last seen | Copy number | Price effective from | Koha item type | Public note |
|---|---|---|---|---|---|---|---|---|---|---|---|---|---|---|---|---|---|
| G3701 A1 S5714 | Northern Philatelic Library | Northern Philatelic Library | General Stacks | 11/01/2021 | G3701 A1 S5714 | 1005631 | 11/01/2021 | 1` | 11/01/2021 | Auction Catalogs | April 24, 2018 |